[Event "Michigan Action"]
[Site "Detroit, MI"]
[Date "1998.12.13"]
[Round "2"]
[White "Chrzan, Anthony"]
[Black "Swathell, Gary"]
[Result "1-0"]
[WhiteElo "1127"]
[BlackElo "1608"]
[PlyCount "59"]
[EventDate "1998.12.13"]

1. e4 c5 2. Nf3 Nc6 3. d4 cxd4 4. Nxd4 Nxd4 5. Qxd4 d6 6. Bd3 Nf6 7. O-O g6 8.
Nc3 Bg7 9. Qa4+ Bd7 10. Bb5 O-O 11. Bxd7 Qxd7 12. Qxd7 Nxd7 13. Bg5 Bf6 14. h4
Bxg5 15. hxg5 Ne5 16. Nd5 e6 17. Nf6+ Kg7 18. f4 Nc4 19. b3 Nb6 20. Rad1 Nc8
21. Kf2 h6 22. Rh1 h5 23. g4 Rh8 24. gxh5 e5 25. h6+ Kf8 26. fxe5 dxe5 27. Rd8+
Ke7 28. Rxh8 Nb6 29. Rxa8 Nxa8 30. h7 1-0

[Event "Michigan Action"]
[Site "Detroit, MI"]
[Date "1998.12.13"]
[Round "6"]
[White "Chrzan, Anthony"]
[Black "Gentry, Loyd"]
[Result "1-0"]
[WhiteElo "1127"]
[BlackElo "1695"]
[PlyCount "85"]
[EventDate "1998.12.13"]

1. e4 e5 2. Nf3 d6 3. d4 exd4 4. Nxd4 Nf6 5. Nc3 Be7 6. Be2 O-O 7. O-O Re8 8.
f4 Nc6 9. Nf3 Bg4 10. Nd2 Bxe2 11. Nxe2 Ng4 12. Nf3 Nf6 13. Nc3 Qd7 14. Re1
Rad8 15. Nd5 h6 16. c4 Nxd5 17. cxd5 Nb8 18. b3 Bf6 19. Rb1 Na6 20. Bb2 Bxb2
21. Rxb2 Nc5 22. Rbe2 Qg4 23. b4 Nd7 24. Qd2 Nf6 25. e5 dxe5 26. Rxe5 Rxe5 27.
Nxe5 Qf5 28. g4 Nxg4 29. Nxg4 Qxg4+ 30. Kh1 Qf3+ 31. Kg1 Qxd5 32. Re8+ Rxe8 33.
Qxd5 Re1+ 34. Kf2 Rc1 35. Qxb7 Rc2+ 36. Kg3 Rxa2 37. Qxc7 g6 38. h4 Ra3+ 39.
Kg2 Ra2+ 40. Kf3 Ra3+ 41. Ke2 Rh3 42. Qc8+ Kg7 43. Qxh3 1-0

[Event "Michigan Action"]
[Site "Detroit, MI"]
[Date "1998.12.13"]
[Round "5"]
[White "Bohland, Jonathon"]
[Black "Turner, Keita"]
[Result "0-1"]
[WhiteElo "1052"]
[BlackElo "1894"]
[PlyCount "76"]
[EventDate "1998.12.13"]

1. d4 Nf6 2. Bg5 Ne4 3. Nf3 Nxg5 4. Nxg5 e5 5. Nf3 e4 6. Ne5 d6 7. Nc4 d5 8.
Ne3 f5 9. c4 Bb4+ 10. Nc3 c6 11. cxd5 f4 12. Nc4 O-O 13. dxc6 Nxc6 14. a3 Bxc3+
15. bxc3 e3 16. fxe3 Qh4+ 17. Kd2 fxe3+ 18. Nxe3 Qh6 19. Qb3+ Be6 20. d5 Rad8
21. Ke1 Qxe3 22. Rd1 Qf2+ 23. Kd2 Bxd5 24. Qxb7 Bb3+ 25. Kc1 Rxd1+ 26. Kb2 Rb8
27. Qxb3+ Rxb3+ 28. Kxb3 Rxf1 29. Rxf1 Qxf1 30. Kc4 Qxe2+ 31. Kc5 Qxg2 32. a4
Kf7 33. c4 Ke7 34. a5 Nxa5 35. Kb5 Qc6+ 36. Kxa5 Qb6+ 37. Ka4 a5 38. h4 Qb4#
0-1

[Event "Michigan Action"]
[Site "Detroit, MI"]
[Date "1998.12.13"]
[Round "1"]
[White "Bohland, Jonathon"]
[Black "Guo, Josh"]
[Result "0-1"]
[WhiteElo "1052"]
[BlackElo "2031"]
[PlyCount "85"]
[EventDate "1998.12.13"]

1. d4 Nf6 2. Bg5 e6 3. e4 h6 4. Bxf6 Qxf6 5. Nf3 d5 6. e5 Qd8 7. Bd3 c5 8. c3
Nc6 9. O-O Qb6 10. Qd2 Bd7 11. dxc5 Bxc5 12. b4 Be7 13. Bc2 Rc8 14. Ba4 Nxe5
15. Bxd7+ Nxd7 16. Qd4 Bf6 17. Qxb6 Nxb6 18. Rc1 Ke7 19. a4 d4 20. a5 Nd5 21.
c4 Nxb4 22. Nbd2 Nd3 23. Rc2 Nc5 24. Re1 Rhd8 25. Ne4 Nxe4 26. Rxe4 Rc5 27. a6
b6 28. Kf1 Ra5 29. Rd2 Rxa6 30. Nxd4 Ra1+ 31. Ke2 Rxd4 32. Rexd4 Bxd4 33. Rxd4
Ra5 34. Kd3 Rc5 35. Re4 a5 36. Re2 Kd6 37. Rb2 Kc6 38. f4 b5 39. cxb5+ Rxb5 40.
Rc2+ Kb7 41. g4 Rb3+ 42. Kc4 Rb4+ 43. Kc5 0-1

[Event "Michigan Action"]
[Site "Detroit, MI"]
[Date "1998.12.13"]
[Round "3"]
[White "Bohland, Jonathon"]
[Black "Gentry, Loyd"]
[Result "0-1"]
[WhiteElo "1052"]
[BlackElo "1697"]
[PlyCount "46"]
[EventDate "1998.12.13"]

1. d4 d6 2. e4 Nc6 3. Nf3 Bg4 4. Bb5 a6 5. Bxc6+ bxc6 6. c4 e6 7. Nc3 Be7 8.
O-O Nf6 9. h3 Bh5 10. Bg5 h6 11. Bf4 O-O 12. Re1 Rb8 13. b3 d5 14. cxd5 exd5
15. e5 Nd7 16. e6 fxe6 17. Bxh6 gxh6 18. Rxe6 Bb4 19. Qd3 Bxc3 20. Rxh6 Rf7 21.
Rxh5 Bxa1 22. Qg6+ Rg7 23. Qe6+ Rf7 0-1

[Event "Michigan Action"]
[Site "Detroit, MI"]
[Date "1998.12.13"]
[Round "2"]
[White "Berry, DeMarcus"]
[Black "Turner, Keita"]
[Result "0-1"]
[WhiteElo "1320"]
[BlackElo "1894"]
[PlyCount "52"]
[EventDate "1998.12.13"]

1. e4 e5 2. Nf3 Nf6 3. d4 Nxe4 4. Nxe5 d5 5. Bd3 Bd6 6. Qe2 O-O 7. Nd2 Nc6 8.
c3 Bxe5 9. Nxe4 Re8 10. dxe5 Nxe5 11. Bc2 dxe4 12. O-O Bg4 13. Qb5 c6 14. Qxb7
f5 15. Bf4 Qf6 16. h3 Bxh3 17. Bxe5 Qxe5 18. gxh3 f4 19. Qxc6 f3 20. Kh1 Qf5
21. Kh2 Rac8 22. Qb7 Qf4+ 23. Kh1 Qh4 24. Qd5+ Kh8 25. Kh2 Qf4+ 26. Kh1 Re5 0-1

[Event "Michigan Action"]
[Site "Detroit, MI"]
[Date "1998.12.13"]
[Round "4"]
[White "Berry, DeMarcus"]
[Black "Swathell, Gary"]
[Result "1-0"]
[WhiteElo "1320"]
[BlackElo "1608"]
[PlyCount "59"]
[EventDate "1998.12.13"]

1. e4 e6 2. d4 d5 3. e5 c5 4. c3 cxd4 5. cxd4 Bb4+ 6. Nc3 Nc6 7. Nf3 Nge7 8.
Bd3 O-O 9. Ng5 g6 10. Nf3 Bxc3+ 11. bxc3 f5 12. exf6 Rxf6 13. Bg5 Rf7 14. h4
Qe8 15. h5 Nf5 16. hxg6 hxg6 17. Nh4 Nxh4 18. Rxh4 Rh7 19. Rxh7 Kxh7 20. Qg4 e5
21. Qh4+ Kg8 22. Kd2 e4 23. Rh1 Kf7 24. Qf4+ Ke6 25. Qf6+ Kd7 26. Rh7+ Ne7 27.
Bb5+ Kc7 28. Bf4+ Kd8 29. Qd6+ Bd7 30. Qc7# 1-0

[Event "Michigan Action"]
[Site "Detroit, MI"]
[Date "1998.12.13"]
[Round "5"]
[White "Berry, DeMarcus"]
[Black "Gentry, Bronson"]
[Result "0-1"]
[WhiteElo "1320"]
[BlackElo "1790"]
[PlyCount "98"]
[EventDate "1998.12.13"]

1. e4 c5 2. Nc3 Nc6 3. f4 Nf6 4. Bc4 e6 5. Nf3 Be7 6. O-O O-O 7. Be2 d5 8. e5
Ne8 9. d3 f6 10. Bd2 f5 11. Qe1 Kh8 12. h3 Rg8 13. g4 g6 14. Qg3 a6 15. a4 Nd4
16. Bd1 Nxf3+ 17. Bxf3 g5 18. Kh1 gxf4 19. Bxf4 Ng7 20. g5 Qe8 21. h4 Nh5 22.
Bxh5 Qxh5 23. Rg1 Bd7 24. b3 d4 25. Nd1 Bc6+ 26. Kh2 Rg7 27. Nf2 Rag8 28. Nh3
h6 29. Qf2 hxg5 30. Bxg5 Bxg5 31. Nxg5 Rxg5 32. Rxg5 Rxg5 33. Rg1 Rxg1 34. Kxg1
Qf3 35. Qxf3 Bxf3 36. Kf2 Bd1 37. h5 Bxc2 38. Kg3 Bxd3 39. Kf4 Bc2 40. Kf3 Bxb3
41. a5 c4 42. h6 c3 43. Ke2 c2 44. Kd2 f4 45. h7 f3 46. Kd3 c1=Q 47. Kxd4 f2
48. Ke4 f1=Q 49. Kd4 Qfc4# 0-1

[Event "Michigan Action"]
[Site "Detroit, MI"]
[Date "1998.12.13"]
[Round "2"]
[White "Ballicora, Miguel"]
[Black "Wiener, Jack"]
[Result "1-0"]
[WhiteElo "2102"]
[BlackElo "1435"]
[PlyCount "69"]
[EventDate "1998.12.13"]

1. d4 d5 2. c4 Nf6 3. cxd5 Nxd5 4. Nf3 Bf5 5. Qb3 b6 6. e3 e6 7. Bd2 Bd6 8. Nc3
Nxc3 9. Bxc3 O-O 10. Be2 Nd7 11. O-O Nf6 12. Rfd1 Ne4 13. Bb4 Qf6 14. Rac1 a5
15. Bxd6 cxd6 16. Rc6 Rfc8 17. Rdc1 Rcb8 18. Rxb6 Rd8 19. Rc7 h6 20. Rbb7 Rf8
21. Qb5 Bg6 22. b3 d5 23. Qd3 Bh5 24. Ra7 Rab8 25. Rxa5 Bg6 26. Raa7 Bh5 27.
Rab7 Ra8 28. a4 Rad8 29. Qc2 Bg6 30. Qc1 Nd6 31. Rb6 Ne4 32. a5 Ra8 33. b4 Bh5
34. a6 Bxf3 35. Bxf3 1-0

[Event "Michigan Action"]
[Site "Detroit, MI"]
[Date "1998.12.13"]
[Round "4"]
[White "Ballicora, Miguel"]
[Black "Thompson, Dexter"]
[Result "1/2-1/2"]
[WhiteElo "2102"]
[BlackElo "2200"]
[PlyCount "76"]
[EventDate "1998.12.13"]

1. d4 Nf6 2. Nf3 c5 3. d5 e6 4. c4 b5 5. Bg5 h6 6. Bh4 Bb7 7. dxe6 dxe6 8.
Qxd8+ Kxd8 9. cxb5 Nbd7 10. Nc3 Bd6 11. e3 g5 12. Bg3 Bxg3 13. hxg3 Ke7 14. Bd3
Rad8 15. Ke2 g4 16. Nh4 Ne5 17. Rhd1 Nxd3 18. Rxd3 Rxd3 19. Kxd3 Rd8+ 20. Ke2
a6 21. bxa6 Bxa6+ 22. Ke1 h5 23. Rd1 Bd3 24. f3 c4 25. Kf2 Nd7 26. e4 Nc5 27.
Ke3 Kf6 28. Rd2 Kg5 29. e5 Kh6 30. Rf2 Bh7 31. Rd2 Rxd2 32. Kxd2 Nd3 33. Nd1
Nxe5 34. Kc3 Bd3 35. Ne3 f5 36. Kd4 Nd7 37. Nxc4 Bc2 38. b4 Ba4 1/2-1/2

[Event "Michigan Action"]
[Site "Detroit, MI"]
[Date "1998.12.13"]
[Round "6"]
[White "Ballicora, Miguel"]
[Black "Ghobrial, Ameer"]
[Result "1-0"]
[WhiteElo "2102"]
[BlackElo "2107"]
[PlyCount "60"]
[EventDate "1998.12.13"]

1. d4 e6 2. c4 c5 3. d5 e5 4. e4 d6 5. Nc3 Nf6 6. h3 Be7 7. Be3 O-O 8. g4 Ne8
9. Nf3 g6 10. Bd3 Ng7 11. Qe2 f5 12. gxf5 gxf5 13. exf5 Bxf5 14. Nd2 Bxd3 15.
Qxd3 Nf5 16. O-O-O Nd7 17. Rhg1+ Kh8 18. Nde4 Nxe3 19. Qxe3 Rf5 20. Rg4 Qf8 21.
Rdg1 Rf4 22. Ne2 Rxg4 23. hxg4 Qg7 24. f3 Rf8 25. N2g3 Nf6 26. Nf5 Nxe4 27.
Qxe4 Bg5+ 28. Kc2 Qg6 29. Rh1 Rf7 30. Rh3 Kg8 1-0

[Event "Lansing December Mini-Swiss.1"]
[Site "Lansing, MI"]
[Date "1998.12.13"]
[Round "2.2"]
[White "Arganian, David H"]
[Black "Aldrich, Jeff"]
[Result "0-1"]
[WhiteElo "1758"]
[BlackElo "2015"]
[PlyCount "78"]
[EventDate "1998.12.13"]

1. e4 c6 2. d4 d5 3. exd5 cxd5 4. Bd3 Nc6 5. c3 Qc7 6. Nf3 Bg4 7. h3 Bh5 8.
Nbd2 e6 9. O-O Nf6 10. Re1 Bd6 11. Qc2 O-O 12. Ne5 Nxe5 13. dxe5 Bxe5 14. g4
Bg6 15. Nf3 Bd6 16. Bg5 Ne4 17. Be3 Rac8 18. Nh4 Nc5 19. Nxg6 Nxd3 20. Qxd3
hxg6 21. Rad1 a6 22. Qe2 b5 23. Bd4 Qb7 24. g5 b4 25. h4 bxc3 26. bxc3 Rc4 27.
Rd3 Qc8 28. h5 e5 29. hxg6 exd4 30. gxf7+ Rxf7 31. g6 Rf4 32. Rg3 Re4 33. Qd1
Rxe1+ 34. Qxe1 Bxg3 35. fxg3 Rxc3 36. Qe5 Rc1+ 37. Kf2 Qc2+ 38. Kf3 Rf1+ 39.
Kg4 Qxg6+ 0-1

[Event "Lansing December Mini-Swiss.1"]
[Site "Lansing, MI"]
[Date "1998.12.13"]
[Round "3.1"]
[White "Aldrich, Jeff"]
[Black "Santiago, Reynaldo"]
[Result "1-0"]
[WhiteElo "2015"]
[BlackElo "2017"]
[PlyCount "77"]
[EventDate "1998.12.13"]

1. d4 Nf6 2. c4 g6 3. Nc3 c5 4. d5 Bg7 5. Nf3 d6 6. e4 O-O 7. Bd3 Re8 8. O-O e6
9. Re1 exd5 10. cxd5 a6 11. a4 Qc7 12. Bc2 Nbd7 13. Be3 b6 14. Qd2 Rb8 15. Bh6
Bh8 16. h3 b5 17. axb5 axb5 18. Bf4 b4 19. Nd1 Nh5 20. Bh2 Bxb2 21. Nxb2 c4 22.
Na4 b3 23. Bd1 Ra8 24. Qb2 Bb7 25. Nd2 Bxd5 26. Bxh5 gxh5 27. exd5 Rac8 28. Nc3
Nc5 29. Nce4 Nxe4 30. Nxe4 c3 31. Qxb3 Rb8 32. Qc2 Rb2 33. Qc1 Qb6 34. Qg5+ Kh8
35. Qf6+ Kg8 36. Qg5+ Kh8 37. Qf6+ Kg8 38. Bf4 Qd8 39. Qd4 $138 1-0

[Event "Lansing December Mini-Swiss.1"]
[Site "Lansing, MI"]
[Date "1998.12.13"]
[Round "1.2"]
[White "Aldrich, Jeff"]
[Black "Garrison, Ray"]
[Result "1-0"]
[WhiteElo "2015"]
[BlackElo "1800"]
[PlyCount "73"]
[EventDate "1998.12.13"]

1. d4 g6 2. c4 Bg7 3. Nf3 f5 4. Nc3 c5 5. g3 cxd4 6. Nxd4 Nc6 7. e3 Qb6 8. Nd5
Qa5+ 9. Bd2 Qd8 10. Nb5 Rb8 11. Bc3 Bxc3+ 12. Nbxc3 e6 13. Nf4 a6 14. Bg2 b6
15. O-O Bb7 16. e4 Nf6 17. exf5 gxf5 18. Re1 Qc7 19. Ncd5 Qd8 20. Nxe6 dxe6 21.
Rxe6+ Kf7 22. Rxf6+ Qxf6 23. Nxf6 Rhd8 24. Nd5 Ne5 25. Qh5+ Ke6 26. Re1 Kd6 27.
Qxf5 Re8 28. Rd1 Kc5 29. Qc2 a5 30. a3 Rbd8 31. b4+ axb4 32. axb4+ Kc6 33. Nf6+
Kc7 34. Nxe8+ Rxe8 35. Qxh7+ Re7 36. Qxe7+ Nd7 37. Qxd7+ 1-0

[Event "Michigan Action"]
[Site "Detroit, MI"]
[Date "1998.12.16"]
[Round "6"]
[White "Thompson, Dexter"]
[Black "Grant, Marco"]
[Result "1-0"]
[WhiteElo "2200"]
[BlackElo "1494"]
[PlyCount "77"]
[EventDate "1998.12.13"]

1. e4 c5 2. d4 cxd4 3. c3 dxc3 4. Nxc3 Nc6 5. Nf3 e6 6. Bc4 Be7 7. O-O a6 8.
Qe2 b5 9. Bb3 Qb6 10. Be3 Bc5 11. Bxc5 Qxc5 12. Rac1 Nd4 13. Qe3 Nxb3 14. axb3
Qxe3 15. fxe3 Ne7 16. Rfd1 Nc6 17. e5 Na5 18. Ne4 Ke7 19. Nd6 Nxb3 20. Rc7 Kd8
21. Rc3 Na5 22. Nxf7+ Ke7 23. Nxh8 Bb7 24. Rc7 Bc6 25. Nd4 Bd5 26. e4 Bxe4 27.
Nb3 Nxb3 28. Rdxd7+ Kf8 29. Nf7 Na5 30. Nd6 Bg6 31. g4 Kg8 32. h4 Rf8 33. h5
Bb1 34. Rxg7+ Kh8 35. g5 Bd3 36. g6 Rf1+ 37. Kg2 Be4+ 38. Kxf1 Bd3+ 39. Kf2 1-0

[Event "Michigan Senior"]
[Site "Ann Arbor, MI"]
[Date "1999.??.??"]
[Round "2"]
[White "Vasos, John"]
[Black "Steen, Harold"]
[Result "1-0"]
[WhiteElo "1048"]
[BlackElo "1710"]
[PlyCount "39"]
[EventDate "1999.06.19"]

1. e4 d6 2. d4 Nf6 3. Nc3 g6 4. Nf3 Bg7 5. Bf4 O-O 6. Qd2 Re8 7. Bc4 Nbd7 8.
Bh6 Bh8 9. O-O e5 10. Ng5 Re7 11. Nd5 Nxd5 12. Bxd5 exd4 13. c3 Nf6 14. Qxd4
Nxd5 15. Qxd5 c6 16. Qd2 Qc7 17. Qf4 Be5 18. Qf3 f5 19. Rfe1 fxe4 20. Qf8# 1-0

[Event "Michigan Open"]
[Site "Cadillac, MI"]
[Date "1999.??.??"]
[Round "2"]
[White "Fischvogt, Eric"]
[Black "Aldrich, Jeff"]
[Result "1-0"]
[WhiteElo "2200"]
[BlackElo "1934"]
[PlyCount "25"]
[EventDate "1999.09.03"]

1. e4 c6 2. d4 d5 3. e5 Bf5 4. Ne2 e6 5. Nf4 Nd7 6. g4 Be4 7. f3 Qh4+ 8. Ke2
Nh6 9. Bg2 Bg6 10. Be3 Rc8 11. Qd2 c5 12. Nxg6 hxg6 13. Bg5 1-0

[Event "Michigan Open"]
[Site "Cadillac, MI"]
[Date "1999.??.??"]
[Round "5"]
[White "Ciaffone, Bob"]
[Black "Hahn, David"]
[Result "1/2-1/2"]
[WhiteElo "2200"]
[BlackElo "2159"]
[PlyCount "22"]
[EventDate "1999.09.03"]

1. d4 d6 2. e4 Nf6 3. Nc3 g6 4. Bg5 Nbd7 5. f4 h6 6. Bh4 Bg7 7. Qd2 c5 8. d5 a6
9. a4 Qb6 10. Ra2 Qb4 11. Bd3 Nh5 1/2-1/2

[Event "Michigan Class B"]
[Site "Grand Rapids, MI"]
[Date "1999.01.09"]
[Round "1"]
[White "al-Shareef, Robert"]
[Black "Pointer, Gilbert"]
[Result "1-0"]
[WhiteElo "1770"]
[BlackElo "1650"]
[PlyCount "103"]
[EventDate "1999.01.09"]

1. Nf3 d6 2. g3 g6 3. Bg2 Bg7 4. c3 Nf6 5. O-O O-O 6. d3 Nc6 7. e4 e5 8. Nbd2
Bg4 9. h3 Be6 10. Qe2 h6 11. Re1 Qd7 12. Kh2 Rfe8 13. Nf1 Rad8 14. g4 g5 15.
Ng3 d5 16. Nf5 Bxf5 17. gxf5 Nh5 18. exd5 Qxd5 19. Ng1 Qxd3 20. Qxh5 Qxf5 21.
Be4 Qxf2+ 22. Bg2 Qxe1 23. Nf3 Qf2 24. Bxg5 hxg5 25. Rf1 Qc2 26. Nh4 Rd7 27.
Qxg5 Re6 28. Qg4 Rde7 29. Kh1 Qd3 30. Rd1 Qc2 31. Be4 Qf2 32. Nf5 Rg6 33. Nxe7+
Nxe7 34. Bxg6 Nxg6 35. Qg2 Qxg2+ 36. Kxg2 Nf4+ 37. Kh2 e4 38. Kg3 Be5 39. Kg4
Nd3 40. Kf5 Nf2 41. Rd8+ Kg7 42. Kxe5 e3 43. Kd4 Nd1 44. b3 Kg6 45. Kd3 f5 46.
Rg8+ Kf7 47. Rg1 Nf2+ 48. Kxe3 Nxh3 49. Rh1 Ng5 50. Kf4 Ne6+ 51. Kxf5 Ke7 52.
Re1 1-0

[Event "Michigan Beginners"]
[Site "Grand Rapids, MI"]
[Date "1999.01.09"]
[Round "3"]
[White "Wood, Paul"]
[Black "Hetmanski, Josh"]
[Result "1-0"]
[WhiteElo "1605"]
[BlackElo "1605"]
[PlyCount "95"]
[EventDate "1999.01.09"]

1. c4 e6 2. d4 Bb4+ 3. Bd2 Bxd2+ 4. Nxd2 Nc6 5. Ngf3 Nf6 6. e4 b6 7. Bd3 Nb4 8.
Qb3 Nxd3+ 9. Qxd3 Rb8 10. Rc1 Ba6 11. Qc3 b5 12. cxb5 Rxb5 13. Qxc7 Qxc7 14.
Rxc7 Rxb2 15. Rxa7 Bb7 16. Nc4 Rb1+ 17. Ke2 Rxh1 18. Rxb7 Nxe4 19. Rb8+ Ke7 20.
Rxh8 Nc3+ 21. Kd2 Nxa2 22. Nb2 h6 23. Nd1 Rg1 24. Nxg1 d5 25. Nb2 f5 26. Nd3
Kf6 27. Kc2 Kg6 28. Kb2 h5 29. Ne5+ Kg5 30. Kxa2 g6 31. Ngf3+ Kf4 32. g3+ Ke4
33. Rb8 h4 34. Rb1 f4 35. Nxh4 fxg3 36. Re1+ Kxd4 37. fxg3 g5 38. Nhf3+ Kc5 39.
Rc1+ Kd6 40. Nf7+ Ke7 41. N7xg5 Kd6 42. h4 e5 43. h5 Ke7 44. Rc6 d4 45. h6 Kf8
46. Rc7 d3 47. h7 Ke8 48. h8=Q# 1-0

[Event "Michigan Class B"]
[Site "Grand Rapids, MI"]
[Date "1999.01.09"]
[Round "2"]
[White "Walquist, Elaine"]
[Black "McCarter, Robert"]
[Result "0-1"]
[WhiteElo "1680"]
[BlackElo "1605"]
[PlyCount "196"]
[EventDate "1999.01.09"]

1. e4 c5 2. d4 cxd4 3. c3 Nf6 4. e5 Nd5 5. cxd4 e6 6. Bc4 Nb6 7. Bb3 Nc6 8. Ne2
d6 9. exd6 Bxd6 10. O-O Qc7 11. g3 Bd7 12. Nbc3 Nb4 13. Ne4 Be7 14. Bf4 Qd8 15.
Nd6+ Bxd6 16. Bxd6 N4d5 17. a4 Bc6 18. Ba3 Qd7 19. a5 Nc8 20. Rc1 Nce7 21. Re1
O-O 22. Nc3 Rfd8 23. Ne4 a6 24. Nc5 Qe8 25. Bc2 Nf6 26. Na4 Ned5 27. Bc5 Nd7
28. Qd3 g6 29. Ba3 Bb5 30. Qf3 Kg7 31. Nc5 Nxc5 32. Bxc5 Qd7 33. g4 Bc6 34. Qg3
Qc7 35. Qh4 Qf4 36. Qg3 Qxg3+ 37. hxg3 Bb5 38. Be4 Rd7 39. g5 Rad8 40. Bxd5
Rxd5 41. f4 R8d7 42. Rc3 Bc6 43. Kf2 h6 44. gxh6+ Kxh6 45. g4 g5 46. Rh3+ Kg6
47. Reh1 Rxc5 48. Rh6+ Kg7 49. Rh7+ Kf8 50. Rh8+ Ke7 51. dxc5 Bxh1 52. Rxh1
Rd2+ 53. Ke3 Rxb2 54. fxg5 Rb5 55. Rh7 Kf8 56. Rh8+ Kg7 57. Rc8 Rxa5 58. Kf4
Rb5 59. Ke4 a5 60. Kd3 Rb4 61. Rb8 Rxg4 62. Rxb7 Rxg5 63. c6 Rc5 64. c7 a4 65.
Kd4 Rc6 66. Ra7 a3 67. c8=N Rxc8 68. Rxa3 Rd8+ 69. Ke4 Rd7 70. Rg3+ Kf6 71.
Rf3+ Kg5 72. Rf1 Rd5 73. Rxf7 Rf5 74. Rd7 Kf6 75. Rd6 Re5+ 76. Kf4 Re1 77. Rc6
Ke7 78. Rb6 Kd7 79. Ra6 Rf1+ 80. Ke5 Rf5+ 81. Ke4 Ke7 82. Rb6 Kf6 83. Ra6 Rb5
84. Ke3 Kf5 85. Rd6 Ke5 86. Rd7 Rb3+ 87. Ke2 Ke4 88. Re7 e5 89. Kd2 Rb5 90. Rd7
Rb2+ 91. Kc3 Ra2 92. Kb3 Rf2 93. Kc3 Kf4 94. Rf7+ Ke3 95. Rxf2 Kxf2 96. Kd3 Kf3
97. Kd2 e4 98. Ke1 Ke3 0-1

[Event "Michigan Class B"]
[Site "Grand Rapids, MI"]
[Date "1999.01.09"]
[Round "3"]
[White "Walquist, Elaine"]
[Black "Masek, Adam"]
[Result "0-1"]
[WhiteElo "1680"]
[BlackElo "1645"]
[PlyCount "98"]
[EventDate "1999.01.09"]

1. e4 c5 2. d4 cxd4 3. c3 dxc3 4. Nxc3 Nc6 5. Nf3 g6 6. Bc4 Bg7 7. Bg5 d6 8.
O-O Nf6 9. Qe2 Qa5 10. Rfd1 O-O 11. Bd2 Bg4 12. Nd5 Bxf3 13. Qxf3 Qd8 14. Bc3
Nxd5 15. Bxg7 Kxg7 16. Bxd5 Qb6 17. Qc3+ Ne5 18. b4 Rac8 19. Qb2 a5 20. a3 Kg8
21. Rab1 e6 22. Ba2 Rfd8 23. Qe2 Rc3 24. bxa5 Qxa5 25. f4 Rxa3 26. Bxe6 Qc5+
27. Kh1 fxe6 28. fxe5 Qxe5 29. Rxb7 Ra1 30. Rbb1 Rda8 31. Qc2 R1a2 32. Qc6 Qg5
33. Rg1 Qe5 34. Rbd1 Rd8 35. Qc7 Rf8 36. Qxd6 Qxe4 37. Rde1 Re2 38. Rxe2 Qxe2
39. Qe7 Rf7 40. Qe8+ Kg7 41. h3 e5 42. Kh2 e4 43. Qe5+ Kh6 44. Qe8 Rf2 45. Qe5
e3 46. Qe4 Qd2 47. Rb1 Qd6+ 48. Kg1 Qg3 49. Rb3 Rf1+ 0-1

[Event "Michigan Class A"]
[Site "Grand Rapids, MI"]
[Date "1999.01.09"]
[Round "1"]
[White "Vandivier, Don"]
[Black "Sellers, Matt"]
[Result "0-1"]
[WhiteElo "1932"]
[BlackElo "1930"]
[PlyCount "54"]
[EventDate "1999.01.09"]

1. e4 c6 2. d4 d5 3. exd5 cxd5 4. Nf3 Nf6 5. c4 e6 6. Nc3 Be7 7. a3 O-O 8. c5
b6 9. b4 a5 10. Bf4 axb4 11. axb4 Rxa1 12. Qxa1 Nc6 13. Qa4 bxc5 14. Qxc6 cxb4
15. Bc7 Qd7 16. Qxd7 Bxd7 17. Nb1 Rc8 18. Bf4 b3 19. Bd3 Bb4+ 20. Ke2 Rc2+ 21.
Bxc2 bxc2 22. Ne5 Bb5+ 23. Nd3 Ne4 24. Ke3 Bxd3 25. f3 cxb1=Q 26. Rxb1 Bxb1 27.
fxe4 Bxe4 0-1

[Event "Michigan Class A"]
[Site "Grand Rapids, MI"]
[Date "1999.01.09"]
[Round "2"]
[White "Turner, Keita"]
[Black "Bailey, Greg"]
[Result "0-1"]
[WhiteElo "1890"]
[BlackElo "1915"]
[PlyCount "118"]
[EventDate "1999.01.09"]

1. e4 e6 2. d4 d5 3. exd5 exd5 4. Bd3 Bd6 5. Nf3 Ne7 6. O-O O-O 7. Nc3 c6 8.
Re1 Bf5 9. Rxe7 Bxd3 10. Rxb7 Ba6 11. Rb3 Bc4 12. Ra3 Bxa3 13. bxa3 Qe7 14. Bf4
Qxa3 15. Qd2 Nd7 16. Nh4 Qe7 17. Nf5 Qf6 18. g4 c5 19. Bg5 Qa6 20. Bh4 Rfe8 21.
Kh1 Qe6 22. Rg1 cxd4 23. Nxd4 Qg6 24. f4 Nc5 25. f5 Qd6 26. f6 Ne4 27. Nxe4
dxe4 28. Qe3 Bxa2 29. Nf5 Qb6 30. Nh6+ Kh8 31. fxg7+ Kxg7 32. Nf5+ Kg8 33. Qg5+
Qg6 34. Nh6+ Kg7 35. Nf5+ Kf8 36. Qe3 Qe6 37. Qc5+ Kg8 38. Qc3 Qe5 39. Nh6+ Kg7
40. Nf5+ Kg8 41. Qe3 Re6 42. Qg5+ Kf8 43. Qe3 Bd5 44. Rd1 a5 45. Qc5+ Kg8 46.
Rxd5 Qa1+ 47. Kg2 Qc1 48. Ne7+ Kf8 49. Nc8+ Kg7 50. Rg5+ Rg6 51. Qe5+ f6 52.
Qe7+ Kg8 53. Rxg6+ hxg6 54. Qe6+ Kh7 55. Nd6 Qxc2+ 56. Kh3 Qd3+ 57. Bg3 Qf1+
58. Kh4 g5+ 59. Kh5 Qh3+ 0-1

[Event "Michigan Class A"]
[Site "Grand Rapids, MI"]
[Date "1999.01.09"]
[Round "1"]
[White "Townsend, Paul"]
[Black "McCarthy, Michael"]
[Result "1-0"]
[WhiteElo "1913"]
[BlackElo "2027"]
[PlyCount "77"]
[EventDate "1999.01.09"]

1. e3 f5 2. Nf3 Nf6 3. b3 g6 4. Bb2 Bg7 5. c4 O-O 6. d4 d6 7. d5 e5 8. dxe6
Bxe6 9. Na3 Qe7 10. Nc2 Nc6 11. Be2 Rae8 12. O-O Bd7 13. Re1 Ne5 14. Nb4 Ne4
15. Nxe5 dxe5 16. Nd5 Qd6 17. Qc1 c6 18. c5 Nxc5 19. Ba3 b6 20. Nb4 Qc7 21. Na6
Nxa6 22. Bxf8 Rxf8 23. Bxa6 b5 24. Bxb5 e4 25. Bc4+ Kh8 26. Rd1 Be5 27. g3 g5
28. Qa3 Re8 29. Rac1 f4 30. exf4 gxf4 31. Qc5 fxg3 32. hxg3 Bg4 33. Rd2 Bf3 34.
Bf1 Qg7 35. Qe3 Rf8 36. Rxc6 Bf4 37. Qc5 Bxd2 38. Rc7 Rf7 39. Rc8+ 1-0

[Event "Michigan Class A"]
[Site "Grand Rapids, MI"]
[Date "1999.01.09"]
[Round "2"]
[White "Townsend, Paul"]
[Black "Estlick, Laurence"]
[Result "0-1"]
[WhiteElo "1905"]
[BlackElo "1960"]
[PlyCount "60"]
[EventDate "1999.01.09"]

1. e3 e5 2. b3 d5 3. Bb2 Nc6 4. Nf3 Bd6 5. Bb5 f6 6. h3 Nge7 7. Nc3 Be6 8. Qc1
a6 9. Bxc6+ Nxc6 10. e4 Ne7 11. Ba3 Bxa3 12. Qxa3 O-O 13. O-O-O d4 14. Na4 b6
15. Nb2 c5 16. d3 Qc7 17. Nc4 Rfc8 18. Kb1 b5 19. Ncd2 a5 20. g4 Kf7 21. Nh4 a4
22. b4 cxb4 23. Qc1 b3 24. cxb3 Qd6 25. Qb2 a3 26. Qa1 Qb4 27. Nhf3 Rc3 28. Ne1
Rac8 29. Rf1 Bxb3 30. Qxc3 Qxc3 0-1

[Event "Michigan Beginners"]
[Site "Grand Rapids, MI"]
[Date "1999.01.09"]
[Round "3"]
[White "Sunnerville, Bret"]
[Black "DeLucas, Ronald"]
[Result "0-1"]
[WhiteElo "1605"]
[BlackElo "1605"]
[PlyCount "64"]
[EventDate "1999.01.09"]

1. d4 d5 2. Nf3 f6 3. Nc3 c6 4. e4 e6 5. Bd3 Na6 6. a3 Be7 7. O-O Nh6 8. b4 O-O
9. Bf4 g5 10. Bg3 g4 11. Nh4 f5 12. b5 f4 13. bxa6 Bxh4 14. exd5 exd5 15. axb7
Bxb7 16. Rb1 Bc8 17. Qe1 fxg3 18. fxg3 Re8 19. Ne2 Bf6 20. c4 Bxd4+ 21. Kh1 Re3
22. Rd1 Rb8 23. Rf4 c5 24. h3 Qe7 25. cxd5 Qd6 26. Bc4 Be5 27. Qf1 Rb2 28. Rf8+
Qxf8 29. d6+ Nf7 30. Bxf7+ Qxf7 31. Nc1 Qxf1+ 32. Rxf1 Rxg3 0-1

[Event "Michigan Class A"]
[Site "Grand Rapids, MI"]
[Date "1999.01.09"]
[Round "2"]
[White "Skidmore, Mike"]
[Black "Vandivier, Don"]
[Result "0-1"]
[WhiteElo "1830"]
[BlackElo "2025"]
[PlyCount "98"]
[EventDate "1999.01.09"]

1. e4 c5 2. Nf3 Nc6 3. Bb5 g6 4. O-O Bg7 5. c3 d5 6. Bxc6+ bxc6 7. e5 c4 8. Re1
Qc7 9. h3 Nh6 10. d4 cxd3 11. Qxd3 Bf5 12. Qe3 Be4 13. Nbd2 Nf5 14. Qe2 Bxf3
15. Nxf3 e6 16. Bg5 Qb6 17. Nh2 Ng3 18. Qc2 Ne4 19. Be3 Qc7 20. f3 Ng3 21. Ng4
O-O 22. Bc5 Rfd8 23. Qd2 Nf5 24. Nf6+ Kh8 25. g4 Nh4 26. Qf2 g5 27. Nh5 Bf8 28.
Be3 h6 29. f4 gxf4 30. Qxf4 Ng6 31. Qf6+ Kh7 32. Rf1 Rd7 33. Kh1 c5 34. Qf2 Bg7
35. Nxg7 Kxg7 36. Bxc5 Kh7 37. Bd6 Qc4 38. Qc2 Rc8 39. Rf6 Kg7 40. Raf1 d4 41.
Qd2 dxc3 42. bxc3 Qxc3 43. Qf2 Qxh3+ 44. Qh2 Qxg4 45. R6f4 Nxf4 46. Rg1 Rc1 47.
Rxc1 Qf3+ 48. Kg1 Ne2+ 49. Qxe2 Qxe2 0-1